| 000 | 00978nas a2200325 4500 | ||
|---|---|---|---|
| 001 | BR2013004478 | ||
| 003 | BR-BrBNA | ||
| 005 | 20231205122429.0 | ||
| 007 | ta | ||
| 008 | 230509b bl.|||p| |||| 00| 00por d | ||
| 040 |
_aBR-BrBNA _bpor _cBiblioteca Nacional de Agricultura |
||
| 041 | _a(En) | ||
| 072 | _aP33; F07 | ||
| 100 | 1 | _aChioderoli, C.A. | |
| 100 | 1 | _aMello, L.M.M. de | |
| 100 | 1 | _aNoronha, R.H. de F. | |
| 100 | 1 | _aPariz, C.M. | |
| 100 | 1 | _aLima, R.C. | |
| 245 | 1 | _aSpatial and linear correlations between soil and corn | |
| 650 | _aMILHO | ||
| 650 | _aMANEJO DO SOLO | ||
| 650 | _aQUALIDADE | ||
| 650 | _aPROPRIEDADE FÍSICO-QUÍMICA | ||
| 650 | _aFORRAGEM | ||
| 650 | _aSEMEADURA | ||
| 773 | 0 |
_tRevista Brasileira de Ciência do Solo (Brazil) _xISSN 0100-0683 _g(May-Jun 2012), v. 36(3) p. 765-773 _wBR2013004478 |
|
| 856 | 4 | 0 | _uhttp://www.scielo.br/pdf/rbcs/v36n3/08.pdf |
| 909 |
_a202311 _bLúcia _c55 _dLúcia Elande |
||
| 942 |
_2AGRIS _n0 _cANA |
||
| 999 |
_c228607 _d228607 |
||